|
|
|
|
| LEADER |
00000nab a2200000 a 4500 |
| 001 |
vtls000858535 |
| 003 |
SK-MaSNL |
| 005 |
20260303184818.0 |
| 008 |
140429c2003 xo 0 slo |
| 015 |
|
|
|a SNBRB2004/01-01023
|
| 035 |
|
|
|a CLN000210183
|
| 040 |
|
|
|a SNKBUCL
|b slo
|c SNKBUCL
|e AACR2
|
| 041 |
0 |
|
|a slo
|
| 044 |
|
|
|a xo
|c SK
|
| 080 |
|
|
|a 82.09:821.162.4-93(048)
|2 1997
|
| 080 |
|
|
|a 821.162.4-93(048)
|2 1997
|
| 080 |
|
|
|a 821.162.4-3(0.053.2)(048)
|2 1997
|
| 100 |
1 |
|
|a Vitézová, Eva,
|d 1964-
|4 aut
|9 231479
|
| 245 |
1 |
0 |
|a Roman Brat: Pochabý škriatok
|c Eva Vitézová
|
| 650 |
0 |
7 |
|a autorské rozprávky, slovenské
|x recenzie
|2 snkbucl
|9 70081
|
| 655 |
|
7 |
|a články z novín a časopisov
|2 snkbucl
|9 267496
|
| 773 |
0 |
|
|t Bibiana
|g Roč. 10, č. 4 (2003), s. 51
|x 1335-7263
|
| 787 |
0 |
8 |
|i Rec.:
|a Brat, Roman, 1957-
|t Pochabý škriatok
|d Bratislava : Perfekt, 2002
|z 8080462194
|
| 850 |
|
|
|a Slovenská národná knižnica v Martine
|
| 852 |
|
|
|a SNK
|b KIS3GCP
|
| 958 |
|
|
|a LX
|
| 958 |
|
|
|a RC
|
| 992 |
|
|
|a RBX
|
| 999 |
|
|
|c 2128321
|d 2130251
|